| 000 | 00899nam a2200265Ia 4500 | ||
|---|---|---|---|
| 001 | 21962 | ||
| 005 | 20260320113329.0 | ||
| 008 | 260320s9999||||xx |||||||||||||| ||und|| | ||
| 020 | _a9789972514623 | ||
| 041 | _aESP | ||
| 082 |
_a305.8 _bC95 |
||
| 100 |
_aCuenca, Ricardo, _eEDT |
||
| 245 | 0 |
_aEtnicidades en construcción: _bidentidad y acción social en contextos de desigualdad |
|
| 246 |
_a _5 _b |
||
| 250 | _aPrimera edición | ||
| 260 |
_aLima : _bIEP Instituto de Estudios Peruanos, _c2014 |
||
| 300 |
_a219 páginas : _bcuadros ; _c23 cm. _e |
||
| 440 |
_a(Estudios sobre desigualdad _n; número 7) _v |
||
| 650 | _aCIS | ||
| 653 | _aDesigualdad social; Participación del Estado; Identidad étnica | ||
| 654 | _aCHU | ||
| 700 |
_a _c |
||
| 856 |
_uhttps://0u20jme4p-y-https-www-jstor-org.itmsp.museknowledge.com/ _zVéase además: Base de datos JSTOR |
||
| 942 |
_cLIB _dJUS _fMAT _2ddc _n |
||
| 999 |
_c21962 _d21962 |
||